Normal view MARC view
  • General;Sanitation

Entry Topical Term

Number of records used in: 1

001 - CONTROL NUMBER

  • control field: 180888

003 - CONTROL NUMBER IDENTIFIER

  • control field: OSt

005 - DATE AND TIME OF LATEST TRANSACTION

  • control field: 20230328132942.0

008 - FIXED-LENGTH DATA ELEMENTS

  • fixed length control field: 230328|| aca||aabn | a|a d

040 ## - CATALOGING SOURCE

  • Original cataloging agency: OSt
  • Transcribing agency: OSt

150 ## - HEADING--TOPICAL TERM

  • Topical term or geographic name entry element: General;Sanitation

670 ## - SOURCE DATA FOUND

  • Source citation: Work cat.: (OSt)96169: Jayanti S R 118164, Sanity In Sanitation : Jajaroo Ni Jhumbesh, 2019